| 000 | 01148nam a22001937a 4500 | ||
|---|---|---|---|
| 999 |
_c60174 _d60174 |
||
| 003 | Ge_BSU | ||
| 005 | 20230615094612.0 | ||
| 008 | 230615s2004 ge ||||| |||| 00| 0 geo d | ||
| 041 | _ageo | ||
| 080 | _a1(479.22)(092)(035) ქ-27 | ||
| 245 |
_aქართველი ფილოსოფოსები : _b(IV საუკუნიდან XX საუკუნის ჩათვლით) : ცნობარი / _c საქ. ფილოსოფ. მეცნ. აკად. ; [სარედ. კოლ.: სერგი ავალიანი, მიხეილ მახარაძე, ლეონიდე ჯახაია]. |
||
| 264 |
_aბათუმი : _b გამ-ბა აჭარა, _c2004. |
||
| 300 |
_a218 გვ. ; _b16 სმ. |
||
| 653 | _aქართველი ფილოსოფოსები | ||
| 700 |
_aავალიანი, სერგი _eრედაქტორი _9356 |
||
| 700 |
_aმახარაძე, მიხეილ _eრედაქტორი _918720 |
||
| 700 |
_aჯახაია, ლეონიდე _eრედაქტორი _918721 |
||
| 942 |
_2udc _cBK |
||